00692 2200241 4500001002100000005001700021008004100038035002400079082001200103090001900115100002500134245008000159250000900239260002800248300002900276500003100305500001100336650005400347850001500401980001300416985000600429999001500435YOGYA-0209000004820320090227031919.0 ind  0010-020900000048203 a992.054 a992.054bNot T aNOTOSUSANTO, Nugroho aTentara peta pada jaman pendudukan Jepang di IndonesiacNugroho Notosusanto aEd.1 aJakartabGramediac1979 axi, 194 hlmbilusc21 cm aBibliografi : hlm. 178-186 aIndeks aIndonesia - Sejarah - Pendudukan Jepang 1942-1945 aYOPDYOG(B) a24-10-07 a1 aP000021046